[Event "Quebec op"]
[Site "Montreal CAN"]
[Date "1996.08.02"]
[Round "8"]
[White "Reeve, Jeff"]
[Black "Gravel, Simon M"]
[Result "0-1"]
[WhiteElo "2193"]
[BlackElo "2230"]
[PlyCount "122"]
[EventDate "1996.07.27"]
[EventType "swiss"]
[EventRounds "9"]
[EventCountry "CAN"]

1. e4 e5 2. Nf3 Nc6 3. Bb5 a6 4. Bxc6 dxc6 5. O-O f6 6. d4 exd4 7. Nxd4 c5 8.
Nb3 Qxd1 9. Rxd1 Bg4 10. f3 Be6 11. Bf4 c4 12. Nd4 O-O-O 13. Nc3 Bc5 14. Be3
Ne7 15. Nxe6 Bxe3+ 16. Kf1 Rxd1+ 17. Rxd1 g6 18. Ke2 Ba7 19. f4 Re8 20. Kf3 Nc6
21. f5 Ne5+ 22. Kg3 c6 23. h4 b5 24. Kh3 h6 25. Ne2 g5 26. Ng3 Bb8 27. hxg5
hxg5 28. Nh5 Rh8 29. g4 Nd7 30. Kg2 Be5 31. c3 a5 32. Kf1 b4 33. Ke2 Rh7 34.
Kd2 Kb7 35. a3 c5 36. Kc2 Kc6 37. Rd5 Rh8 38. axb4 axb4 39. cxb4 cxb4 40. Nd4+
Kc7 41. Nb5+ Kc6 42. Na7+ Kc7 43. Nb5+ Kd8 44. b3 cxb3+ 45. Kxb3 Ke7 46. Na7
Nb8 47. Kxb4 Kf7 48. Rb5 Rd8 49. Rb7+ Kg8 50. Kc5 Nd7+ 51. Kc6 Nb8+ 52. Kb5 Kh8
53. Nc6 Nxc6 54. Kxc6 Rd4 55. Rd7 Rxe4 56. Kd5 Rxg4 57. Ke6 Rd4 58. Ra7 Rd6+
59. Kf7 Kh7 60. Ng7 g4 61. Ne6 g3 0-1

[Event "Quebec op"]
[Site "Montreal CAN"]
[Date "1996.08.02"]
[Round "8"]
[White "Taylor, Gordon"]
[Black "Spraggett, Kevin"]
[Result "0-1"]
[WhiteElo "2316"]
[BlackElo "2584"]
[PlyCount "122"]
[EventDate "1996.07.27"]
[EventType "swiss"]
[EventRounds "9"]
[EventCountry "CAN"]

1. d4 f5 2. Nf3 Nf6 3. g3 e6 4. Bg2 Be7 5. O-O O-O 6. c4 Ne4 7. b3 Bf6 8. Bb2
Qe7 9. Qc2 Nc6 10. a3 d5 11. Nbd2 a5 12. Ne5 Bd7 13. Ndf3 Be8 14. e3 g5 15. Nd3
Bg7 16. Rfe1 g4 17. Nfe5 Nxe5 18. dxe5 Bc6 19. Nf4 Bh6 20. Red1 dxc4 21. Qxc4
Bxf4 22. exf4 Rfd8 23. Qc2 Bd5 24. Bd4 b6 25. Qb2 c5 26. Be3 Rd7 27. Bf1 Rad8
28. a4 Kf7 29. Qc2 h5 30. Bb5 Rc7 31. Rd3 h4 32. Rad1 hxg3 33. fxg3 Rh8 34. Bf2
Kg6 35. Be1 Qf8 36. Bc4 Bxc4 37. Qxc4 Qf7 38. Rd6 Nxd6 39. exd6 Rd7 40. Bc3 Rc8
41. Be5 Rdd8 42. Qa6 Rc6 43. Qc4 Qd7 44. Rd2 Kf7 45. Qc3 Qb7 46. Qc4 Qd7 47. h4
Kg6 48. h5+ Kxh5 49. Bf6 Rxd6 50. Rxd6 Qxd6 51. Bxd8 Qxd8 52. Qxe6 Qd4+ 53. Kh2
Qf2+ 54. Kh1 Qf1+ 55. Kh2 Qh3+ 56. Kg1 Qxg3+ 57. Kh1 Qxf4 58. Qe8+ Kh4 59. Qh8+
Kg3 60. Qh2+ Kf3 61. Qc2 Qe4 0-1

[Event "Quebec op"]
[Site "Montreal CAN"]
[Date "1996.08.03"]
[Round "9"]
[White "Caceres Cortes, Julio"]
[Black "Moisan-Plante, Marc-Olivier"]
[Result "0-1"]
[WhiteElo "1914"]
[BlackElo "2109"]
[PlyCount "82"]
[EventDate "1996.07.27"]
[EventType "swiss"]
[EventRounds "9"]
[EventCountry "CAN"]

1. e4 e5 2. Nf3 d6 3. Bc4 Be7 4. d4 exd4 5. Nxd4 Nf6 6. Nc3 O-O 7. O-O c5 8.
Nde2 Be6 9. Bxe6 fxe6 10. Nf4 Qc8 11. Qe2 Nc6 12. Qc4 Nd4 13. f3 Nd7 14. Be3
Ne5 15. Qa4 Rxf4 16. Bxf4 b5 17. Nxb5 Ne2+ 18. Kh1 Nxf4 19. Rfd1 Qe8 20. Qa6
Qh5 21. Rf1 Ne2 22. Nc7 Ng3+ 23. Kg1 Nxf1 24. Nxa8 Qxh2+ 25. Kxf1 Qh1+ 26. Kf2
Qxa1 27. Qc8+ Kf7 28. Nc7 Qxa2 29. Qe8+ Kf6 30. Qh5 Ng6 31. Qxh7 Qxb2 32. Qg8
Qd4+ 33. Ke2 Qe5 34. Kf2 d5 35. Ne8+ Kg5 36. Nxg7 Qd4+ 37. Ke2 Nf4+ 38. Ke1
Qe3+ 39. Kd1 Qe2+ 40. Kc1 Qe1+ 41. Kb2 Bf6+ 0-1

[Event "Quebec op"]
[Site "Montreal CAN"]
[Date "1996.08.03"]
[Round "9"]
[White "Leveille, Francois"]
[Black "Hua, Lefong"]
[Result "1-0"]
[WhiteElo "2331"]
[BlackElo "2075"]
[PlyCount "87"]
[EventDate "1996.07.27"]
[EventType "swiss"]
[EventRounds "9"]
[EventCountry "CAN"]

1. e4 c5 2. Nf3 d6 3. d4 cxd4 4. Nxd4 Nf6 5. Nc3 g6 6. Be2 Bg7 7. O-O Nc6 8.
Nb3 O-O 9. Bg5 Be6 10. Kh1 Na5 11. f4 Nc4 12. f5 Nxb2 13. Qc1 Qc8 14. e5 Qxc3
15. exf6 exf6 16. Bd2 Qe5 17. Re1 Qxf5 18. Nd4 Qc5 19. Qxb2 f5 20. c3 Bd5 21.
Bf1 Be4 22. Rac1 a6 23. Be3 Qe5 24. Nb3 Qe7 25. Bd4 Bh6 26. Rcd1 Bf4 27. Qf2
Qg5 28. Nd2 Qh6 29. Nf3 g5 30. g3 g4 31. Rxe4 fxe4 32. Nh4 Bg5 33. Nf5 Qe6 34.
h4 gxh3 35. Bxh3 Qg6 36. Qe2 Rfe8 37. Ng7 Bf6 38. Nxe8 Rxe8 39. Bxf6 Qxf6 40.
Qe3 Qe5 41. Rf1 f6 42. Rf5 Qe7 43. Rf4 Kh8 44. Bf5 1-0

[Event "Quebec op"]
[Site "Montreal CAN"]
[Date "1996.08.03"]
[Round "9"]
[White "Levtchouk, George"]
[Black "Taylor, Gordon"]
[Result "1/2-1/2"]
[WhiteElo "2325"]
[BlackElo "2316"]
[PlyCount "30"]
[EventDate "1996.07.27"]
[EventType "swiss"]
[EventRounds "9"]
[EventCountry "CAN"]

1. d4 Nf6 2. c4 e6 3. Nc3 Bb4 4. Qc2 O-O 5. a3 Bxc3+ 6. Qxc3 b6 7. Nf3 Bb7 8.
Bg5 d6 9. e3 Nbd7 10. Be2 Re8 11. Qc2 c5 12. O-O Be4 13. Qd1 Nf8 14. Nd2 Bb7
15. Bf3 Bxf3 1/2-1/2

[Event "Quebec op"]
[Site "Montreal CAN"]
[Date "1996.08.03"]
[Round "9"]
[White "Ross, Dave"]
[Black "Boudy Bueno, Julio"]
[Result "1-0"]
[WhiteElo "2323"]
[BlackElo "2280"]
[PlyCount "155"]
[EventDate "1996.07.27"]
[EventType "swiss"]
[EventRounds "9"]
[EventCountry "CAN"]

1. Nf3 Nf6 2. c4 c5 3. g3 b6 4. Bg2 Bb7 5. O-O e6 6. Nc3 Be7 7. Re1 O-O 8. e4
d6 9. d4 cxd4 10. Nxd4 Qd7 11. Be3 a6 12. Rc1 Qc7 13. f4 Re8 14. Bf2 Bf8 15. b3
g6 16. Nc2 Nbd7 17. Ne3 Rac8 18. b4 Qb8 19. a3 b5 20. cxb5 axb5 21. Qd3 Bc6 22.
Nb1 Qb7 23. Nd2 Ra8 24. Rxc6 Qxc6 25. e5 Nd5 26. Nxd5 exd5 27. Bxd5 Rxa3 28.
Bxc6 Rxd3 29. Bxd7 Rb8 30. Ne4 dxe5 31. fxe5 Bxb4 32. Nf6+ Kg7 33. Rb1 Bc3 34.
Ne8+ Kh6 35. Bxb5 Rd5 36. Nd6 Kg7 37. Ba7 Bd4+ 38. Bxd4 Rxd4 39. Ne8+ Kf8 40.
Nf6 Rd2 41. Nxh7+ Ke7 42. Nf6 Rc2 43. Ne4 g5 44. Rb3 Rb6 45. Nd6 f6 46. Nf5+
Kf8 47. exf6 Rc5 48. Nd4 Rd5 49. Bc6 Rxb3 50. Bxd5 Rb2 51. Ne6+ Kf7 52. Nxg5+
Kxf6 53. h4 Kf5 54. Bf3 Ra2 55. Ne4 Ke5 56. Bg2 Kf5 57. Kh2 Kg4 58. Nf6+ Kf5
59. Nd5 Kg4 60. Ne3+ Kh5 61. Kh3 Ra3 62. Nd5 Rb3 63. Nf4+ Kh6 64. Kg4 Ra3 65.
Be4 Rb3 66. Ne6 Ra3 67. Kf4 Ra1 68. g4 Ra4 69. Kf5 Ra7 70. Bf3 Rf7+ 71. Ke4 Re7
72. g5+ Kh7 73. Ke5 Ra7 74. Be4+ Kh8 75. h5 Rd7 76. h6 Rd2 77. g6 Rh2 78. g7+
1-0

[Event "Quebec op"]
[Site "Montreal CAN"]
[Date "1996.07.28"]
[Round "3"]
[White "Teuton, Frank"]
[Black "Courval, Francois"]
[Result "1-0"]
[WhiteElo "2200"]
[BlackElo "1971"]
[PlyCount "65"]
[EventDate "1996.07.27"]
[EventType "swiss"]
[EventRounds "9"]
[EventCountry "CAN"]

1. e4 c5 2. Nf3 d6 3. Bb5+ Nc6 4. c3 Bd7 5. O-O a6 6. Ba4 Nf6 7. d4 Nxe4 8. d5
Na7 9. Re1 Nf6 10. Bg5 Bxa4 11. Qxa4+ Qd7 12. Qd1 O-O-O 13. a4 Qf5 14. Bxf6
gxf6 15. Na3 Rg8 16. Nc4 e5 17. g3 Bh6 18. b4 cxb4 19. cxb4 Rg4 20. Qb3 Kb8 21.
b5 Rxc4 22. Qxc4 Rc8 23. Qb3 Qc2 24. Qb4 Qc5 25. Qe4 f5 26. Qxf5 Qxd5 27. bxa6
bxa6 28. Rab1+ Ka8 29. Red1 Qc6 30. Nh4 Qxa4 31. Rxd6 Bf8 32. Rdb6 Bc5 33.
Qxc8+ 1-0

[Event "Quebec-ch"]
[Site "Montreal CAN"]
[Date "1996.06.03"]
[Round "1"]
[White "Linskiy, Oleg"]
[Black "Moussa, Alaa Eddine"]
[Result "1-0"]
[WhiteElo "2315"]
[BlackElo "2205"]
[PlyCount "85"]
[EventDate "1996.06.03"]
[EventType "tourn"]
[EventRounds "9"]
[EventCountry "CAN"]
[EventCategory "3"]

1. e4 c5 2. Nf3 Nc6 3. d4 cxd4 4. Nxd4 Nf6 5. Nc3 e5 6. Ndb5 d6 7. Bg5 a6 8.
Na3 b5 9. Bxf6 gxf6 10. Nd5 Bg7 11. Bd3 Ne7 12. Nxe7 Qxe7 13. c3 Qb7 14. O-O f5
15. exf5 d5 16. Re1 O-O 17. Qf3 Qc6 18. Nc2 Bb7 19. Nb4 Qd6 20. Qg3 Kh8 21.
Rad1 Rad8 22. Be4 dxe4 23. Rxd6 Rxd6 24. Qe3 Rfd8 25. Nc2 Bh6 26. Qc5 f6 27. a4
Bf8 28. axb5 axb5 29. Qxb5 Ba6 30. Qa5 Bd3 31. Ne3 Bh6 32. b4 Rc8 33. b5 Rb8
34. c4 Bxe3 35. fxe3 Rdd8 36. Rc1 Kg7 37. Qc7+ Kg8 38. Qe7 Rf8 39. Qe6+ Kg7 40.
b6 Rf7 41. c5 Bb5 42. Qd5 Bd3 43. c6 1-0

[Event "Quebec-ch"]
[Site "Montreal CAN"]
[Date "1996.06.05"]
[Round "3"]
[White "Leveille, Francois"]
[Black "Moussa, Alaa Eddine"]
[Result "1-0"]
[WhiteElo "2365"]
[BlackElo "2205"]
[PlyCount "97"]
[EventDate "1996.06.03"]
[EventType "tourn"]
[EventRounds "9"]
[EventCountry "CAN"]
[EventCategory "3"]

1. Nf3 Nf6 2. g3 e6 3. Bg2 d5 4. O-O Be7 5. d3 O-O 6. Nbd2 b6 7. e4 Bb7 8. e5
Nfd7 9. Re1 c5 10. Nf1 Nc6 11. h4 Qc7 12. Bf4 Rae8 13. N1h2 Qd8 14. Ng5 h6 15.
Nh3 f6 16. exf6 Bxf6 17. c3 Nce5 18. Ng4 Nf7 19. d4 e5 20. dxe5 Ndxe5 21. Bxe5
Bxe5 22. Nxe5 Nxe5 23. Nf4 c4 24. Qd4 Qf6 25. Nh5 Qf5 26. Nxg7 Kxg7 27. f4 Qd3
28. Rxe5 Qxd4+ 29. cxd4 Rxe5 30. fxe5 Kg6 31. Rf1 Rxf1+ 32. Kxf1 b5 33. Bh3 Bc6
34. a3 a5 35. Ke2 b4 36. axb4 axb4 37. Be6 Kg7 38. g4 Kg6 39. Bf5+ Kg7 40. g5
hxg5 41. hxg5 Ba4 42. Ke3 Be8 43. e6 Kf8 44. Kf4 c3 45. bxc3 bxc3 46. Ke5 Ba4
47. Kf6 c2 48. e7+ Kg8 49. Bxc2 1-0

[Event "Quebec-ch"]
[Site "Montreal CAN"]
[Date "1996.06.05"]
[Round "3"]
[White "Ross, Dave"]
[Black "Filion, Charles"]
[Result "1-0"]
[WhiteElo "2355"]
[BlackElo "2097"]
[PlyCount "117"]
[EventDate "1996.06.03"]
[EventType "tourn"]
[EventRounds "9"]
[EventCountry "CAN"]
[EventCategory "3"]

1. Nf3 Nf6 2. c4 g6 3. g3 Bg7 4. Bg2 O-O 5. Nc3 d6 6. O-O Nc6 7. d3 e5 8. Rb1
a5 9. Bg5 h6 10. Bxf6 Bxf6 11. Nd5 Bg7 12. a3 Nd4 13. b4 axb4 14. axb4 c6 15.
Nc3 Nxf3+ 16. Bxf3 f5 17. Qb3 Qf6 18. Rbc1 f4 19. b5 Bh3 20. bxc6 bxc6 21. Bxc6
Rab8 22. Qa3 Bxf1 23. Rxf1 fxg3 24. hxg3 Rfd8 25. Be4 Kh7 26. Nd5 Qf7 27. Kg2
Rd7 28. f4 Rf8 29. Qa4 Ra7 30. Qc2 Kh8 31. d4 exd4 32. Bxg6 Qd7 33. Bd3 Bf6 34.
Rh1 Kg7 35. Qb2 Qb7 36. Qxb7+ Rxb7 37. Ra1 Rfb8 38. Ra6 Rd7 39. Kf3 Be7 40. Ke4
Kf7 41. Kf5 h5 42. Ra1 Rg8 43. Rh1 Rxg3 44. Rxh5 Bf8 45. Rh7+ Bg7 46. Nf6 Ra7
47. Ne4 Ra5+ 48. c5 Re3 49. Ng5+ Kf8 50. Kg6 Ra7 51. c6 Rc7 52. f5 Rg3 53. f6
Bxf6 54. Kxf6 Rxh7 55. Nxh7+ Ke8 56. Ke6 Kd8 57. Kxd6 Rg7 58. Nf8 Rf7 59. Ne6+
1-0

[Event "Quebec-ch"]
[Site "Montreal CAN"]
[Date "1996.06.06"]
[Round "4"]
[White "Filion, Charles"]
[Black "Linskiy, Oleg"]
[Result "1/2-1/2"]
[WhiteElo "2097"]
[BlackElo "2315"]
[PlyCount "128"]
[EventDate "1996.06.03"]
[EventType "tourn"]
[EventRounds "9"]
[EventCountry "CAN"]
[EventCategory "3"]

1. d4 d6 2. e4 e5 3. Nf3 Nf6 4. Nc3 Nbd7 5. Bc4 Be7 6. O-O O-O 7. Qe2 c6 8. a4
Qc7 9. Ba2 b6 10. Rd1 a6 11. Nh4 exd4 12. Nf5 Nc5 13. Nxd4 Re8 14. b4 Ne6 15.
Qc4 Bd7 16. Nf5 Bf8 17. Qd3 a5 18. Qg3 Nd8 19. Nh6+ Kh8 20. Bg5 Be7 21. e5 dxe5
22. Bxf6 Bxf6 23. Ne4 Be7 24. Bxf7 Rf8 25. Bb3 gxh6 26. Rxd7 Qxd7 27. Qxe5+ Bf6
28. Nxf6 Qg7 29. Re1 Ra7 30. Re3 Nf7 31. Qd4 Ng5 32. h4 c5 33. bxc5 bxc5 34.
Qc3 c4 35. Bxc4 Rc7 36. hxg5 hxg5 37. Qd4 Qxf6 38. Qxf6+ Rxf6 39. Re8+ Kg7 40.
Rg8+ Kh6 41. Bb3 Rc5 42. f3 Rd6 43. Kh2 Rd2 44. Kh3 Re5 45. g3 Re3 46. Kg4 Rd4+
47. f4 gxf4 48. gxf4 Ree4 49. Rf8 Kg7 50. Rf5 h6 51. Kf3 Kg6 52. Rf8 Re1 53.
Kf2 Re7 54. Kf3 h5 55. Rg8+ Rg7 56. Rf8 Rc7 57. Ke3 Rd6 58. Ke4 Re7+ 59. Kf3
Rd4 60. Rg8+ Rg7 61. Rf8 Rc7 62. Ke3 Rd6 63. Ke4 Re7+ 64. Kf3 Rd4 1/2-1/2

[Event "Quebec-ch"]
[Site "Montreal CAN"]
[Date "1996.06.09"]
[Round "6"]
[White "Filion, Charles"]
[Black "Leveille, Francois"]
[Result "1/2-1/2"]
[WhiteElo "2097"]
[BlackElo "2365"]
[PlyCount "100"]
[EventDate "1996.06.03"]
[EventType "tourn"]
[EventRounds "9"]
[EventCountry "CAN"]
[EventCategory "3"]

1. d4 Nf6 2. c4 g6 3. Nc3 d5 4. cxd5 Nxd5 5. e4 Nxc3 6. bxc3 Bg7 7. Be3 O-O 8.
Nf3 c5 9. Qd2 Bg4 10. Be2 e6 11. Rb1 Nc6 12. Rxb7 Bxf3 13. Bxf3 cxd4 14. cxd4
Nxd4 15. Bxd4 Bxd4 16. O-O Qf6 17. g3 Bb6 18. Kg2 Rad8 19. Qb4 Rd4 20. Qc3 Qd8
21. h4 Qc8 22. Qxc8 Rxc8 23. Bd1 Rxe4 24. Rd7 h5 25. Kf3 Rb4 26. Rd3 Rb2 27.
Bb3 Rc5 28. g4 hxg4+ 29. Kxg4 Rf5 30. f4 Rg2+ 31. Kf3 Rh2 32. Kg3 Re2 33. Kf3
Rb2 34. Kg3 Kg7 35. Rc3 Rd2 36. Rcf3 Rd4 37. Rd1 Rb4 38. Rdd3 Kf6 39. Rc3 Re4
40. Bc2 Re2 41. Bxf5 Kxf5 42. a3 Re4 43. Rb3 Rc4 44. Rb5+ Kf6 45. h5 gxh5 46.
Rxh5 Kg6 47. Rg5+ Kf6 48. Rh5 Kg6 49. Rg5+ Kf6 50. Rh5 Kg6 1/2-1/2

[Event "Quebec-ch"]
[Site "Montreal CAN"]
[Date "1996.06.09"]
[Round "6"]
[White "Ross, Dave"]
[Black "Linskiy, Oleg"]
[Result "1-0"]
[WhiteElo "2355"]
[BlackElo "2315"]
[PlyCount "99"]
[EventDate "1996.06.03"]
[EventType "tourn"]
[EventRounds "9"]
[EventCountry "CAN"]
[EventCategory "3"]

1. d4 Nf6 2. Nf3 g6 3. c4 Bg7 4. g3 O-O 5. Bg2 d6 6. Nc3 Nbd7 7. O-O e5 8. e4
c6 9. h3 Re8 10. Re1 exd4 11. Nxd4 Qb6 12. Re2 Qb4 13. Rc2 Nc5 14. a3 Qb6 15.
Be3 Qc7 16. f3 a5 17. Bf2 Nfd7 18. f4 Nb6 19. Ndb5 cxb5 20. Nxb5 Qd8 21. Nxd6
Nbd7 22. Rd2 Re7 23. e5 Qf8 24. Rd5 Ne6 25. Qd2 f6 26. Rd1 fxe5 27. Nxc8 Rxc8
28. Rxd7 exf4 29. Bd5 Kh8 30. Rxe7 Qxe7 31. Re1 fxg3 32. Bb6 Qd7 33. Rxe6 Rxc4
34. Re8+ Qxe8 35. Bxc4 a4 36. Qd8 Qxd8 37. Bxd8 Bxb2 38. Kg2 h5 39. Be7 h4 40.
Bb5 Bc1 41. Bxa4 g5 42. Bf6+ Kg8 43. Bb3+ Kf8 44. a4 Bf4 45. Bd5 b6 46. Kf3 g2
47. Kxg2 Ke8 48. Bc6+ Kf7 49. Bd8 Be3 50. Kf3 1-0

[Event "Quebec-ch"]
[Site "Montreal CAN"]
[Date "1996.06.10"]
[Round "7"]
[White "Moussa, Alaa Eddine"]
[Black "Filion, Charles"]
[Result "1/2-1/2"]
[WhiteElo "2205"]
[BlackElo "2097"]
[PlyCount "96"]
[EventDate "1996.06.03"]
[EventType "tourn"]
[EventRounds "9"]
[EventCountry "CAN"]
[EventCategory "3"]

1. d4 Nf6 2. c4 g6 3. Nc3 Bg7 4. e4 d6 5. Be2 O-O 6. Bg5 c5 7. dxc5 Qa5 8. Bd2
Qxc5 9. Nf3 Be6 10. b3 a6 11. O-O b5 12. cxb5 axb5 13. Rc1 Qb6 14. Be3 Qa5 15.
Nd4 Bd7 16. Ncxb5 e5 17. b4 Qa4 18. Qxa4 Rxa4 19. Nc2 Rxa2 20. Nc3 Rb2 21. Nd1
Ra2 22. Bc4 Ra8 23. f3 Rc8 24. Nb2 Be6 25. Bxe6 fxe6 26. b5 Ra2 27. Nb4 Rxc1
28. Nxa2 Rc2 29. Rf2 Rxf2 30. Kxf2 d5 31. Ba7 Nbd7 32. Na4 Bf8 33. Nc1 dxe4 34.
Nb3 exf3 35. gxf3 e4 36. Nbc5 exf3 37. Nxd7 Nxd7 38. Kxf3 Bd6 39. h3 Kf7 40. b6
Kf6 41. b7 Ke5 42. Nc5 Nxc5 43. Bxc5 Bb8 44. Bf2 Kf5 45. Bg3 e5 46. Bh2 g5 47.
Bg3 h5 48. Bh2 g4+ 1/2-1/2

[Event "Quebec-ch"]
[Site "Montreal CAN"]
[Date "1996.06.11"]
[Round "8"]
[White "Ross, Dave"]
[Black "Leveille, Francois"]
[Result "1-0"]
[WhiteElo "2355"]
[BlackElo "2365"]
[PlyCount "73"]
[EventDate "1996.06.03"]
[EventType "tourn"]
[EventRounds "9"]
[EventCountry "CAN"]
[EventCategory "3"]

1. d4 d5 2. Nf3 c6 3. c4 Nf6 4. Nc3 dxc4 5. a4 Bg4 6. Ne5 Bh5 7. h3 Na6 8. g4
Bg6 9. Bg2 Nb4 10. O-O Bc2 11. Qd2 Bb3 12. Ne4 Nc2 13. Nc5 Qxd4 14. Nxb7 Nd5
15. Qg5 f6 16. Qh5+ g6 17. Nxg6 hxg6 18. Qxh8 g5 19. Be4 Nxa1 20. Bf5 Nf4 21.
Bxf4 c3 22. Be3 Qb4 23. Bg6+ Kd7 24. Nc5+ Kd6 25. bxc3 Qa3 26. Qh7 Kc7 27. Nxb3
Nxb3 28. Qf7 Na5 29. Rd1 Qxa4 30. Rd4 Qb3 31. c4 Nb7 32. Rd3 Qb4 33. Qe6 Nc5
34. Bxc5 Qxc5 35. Qd7+ Kb6 36. Rb3+ Ka5 37. Qd2+ 1-0

[Event "Quebec-ch"]
[Site "Montreal CAN"]
[Date "1996.06.12"]
[Round "9"]
[White "Moussa, Alaa Eddine"]
[Black "Ross, Dave"]
[Result "1/2-1/2"]
[WhiteElo "2205"]
[BlackElo "2355"]
[PlyCount "20"]
[EventDate "1996.06.03"]
[EventType "tourn"]
[EventRounds "9"]
[EventCountry "CAN"]
[EventCategory "3"]

1. d4 d6 2. g3 Nf6 3. Bg2 g6 4. e4 Bg7 5. Ne2 O-O 6. O-O e5 7. dxe5 dxe5 8.
Qxd8 Rxd8 9. Nbc3 Nc6 10. Bg5 Re8 1/2-1/2

[Event "Quebec-ch (ville/city) qual. 1"]
[Site "Quebec CAN"]
[Date "1996.10.19"]
[Round "1"]
[White "Tremblay, Sylvain"]
[Black "Pescarus, Radu"]
[Result "1-0"]
[WhiteElo "2126"]
[BlackElo "1673"]
[PlyCount "45"]
[EventDate "1996.10.19"]
[EventType "swiss"]
[EventRounds "4"]
[EventCountry "CAN"]

1. e4 c5 2. Nf3 d6 3. d4 cxd4 4. Nxd4 a6 5. c4 Nf6 6. Nc3 e6 7. Be2 Be7 8. O-O
O-O 9. f4 Qc7 10. Be3 Nc6 11. Rc1 Bd7 12. Kh1 Rac8 13. Bf3 Nxd4 14. Bxd4 Bc6
15. Qe1 Nd7 16. Nd5 Bxd5 17. exd5 e5 18. fxe5 Nxe5 19. Qg3 Bf6 20. Bg4 Nxg4 21.
Rxf6 Nxf6 22. Bxf6 g6 23. Qg5 1-0

[Event "Quebec-ch (ville/city) qual. 1"]
[Site "Quebec CAN"]
[Date "1996.10.19"]
[Round "2"]
[White "Poliquin, Yvon"]
[Black "Tremblay, Sylvain"]
[Result "0-1"]
[WhiteElo "1771"]
[BlackElo "2126"]
[PlyCount "40"]
[EventDate "1996.10.19"]
[EventType "swiss"]
[EventRounds "4"]
[EventCountry "CAN"]

1. e4 c6 2. d4 d5 3. Nc3 dxe4 4. Nxe4 Bf5 5. Bd3 Qxd4 6. Nf3 Qd8 7. Qe2 Nf6 8.
Nxf6+ gxf6 9. Bxf5 Qa5+ 10. Bd2 Qxf5 11. O-O-O Nd7 12. Rhe1 O-O-O 13. Nd4 Qd5
14. Qg4 h5 15. Qh4 Qxa2 16. Nb3 Nc5 17. Qh3+ e6 18. Bf4 Nxb3+ 19. cxb3 Bb4 20.
Rxe6 Qa1+ 0-1

[Event "Quebec-ch (ville/city) qual. 1"]
[Site "Quebec CAN"]
[Date "1996.10.20"]
[Round "3"]
[White "Tremblay, Sylvain"]
[Black "Beaudoin, Stephane"]
[Result "1-0"]
[WhiteElo "2126"]
[BlackElo "1854"]
[PlyCount "45"]
[EventDate "1996.10.19"]
[EventType "swiss"]
[EventRounds "4"]
[EventCountry "CAN"]

1. e4 c5 2. Nf3 e6 3. d4 cxd4 4. Nxd4 Nf6 5. Bd3 Nc6 6. Be3 d5 7. exd5 Nxd5 8.
Nxc6 bxc6 9. Qf3 Be7 10. Bd4 O-O 11. O-O Bb7 12. Nc3 Nb4 13. Qg4 g6 14. Rfd1 c5
15. Be5 Nxd3 16. Rxd3 Qb6 17. Rd7 Rae8 18. Rad1 Bc6 19. Rxe7 Rxe7 20. Bf6 Rd7
21. Rxd7 Bxd7 22. Qg5 e5 23. Nd5 1-0

[Event "Quebec-ch (ville/city) qual. 1"]
[Site "Quebec CAN"]
[Date "1996.10.20"]
[Round "4"]
[White "Tremblay, Yves"]
[Black "Tremblay, Sylvain"]
[Result "1/2-1/2"]
[WhiteElo "1788"]
[BlackElo "2126"]
[PlyCount "42"]
[EventDate "1996.10.19"]
[EventType "swiss"]
[EventRounds "4"]
[EventCountry "CAN"]

1. e4 e5 2. Nf3 Nc6 3. Bc4 Nf6 4. d4 exd4 5. O-O Nxe4 6. Re1 d5 7. Bxd5 Qxd5 8.
Nc3 Qd8 9. Rxe4+ Be7 10. Nxd4 Nxd4 11. Rxd4 Bd6 12. Nd5 O-O 13. Nxc7 Bxh2+ 14.
Kxh2 Qxc7+ 15. Bf4 Qb6 16. b3 Bf5 17. c4 Rfe8 18. Qd2 Qe6 19. Rd1 h6 20. f3 b6
21. Rd6 Qe2 1/2-1/2

[Event "Quebec-ch (ville/city) qual. 2"]
[Site "Quebec CAN"]
[Date "1996.11.16"]
[Round "1"]
[White "Naud, Jean-Francois"]
[Black "Tremblay, Sylvain"]
[Result "0-1"]
[WhiteElo "1652"]
[BlackElo "2125"]
[PlyCount "110"]
[EventDate "1996.10.16"]
[EventType "swiss"]
[EventRounds "4"]
[EventCountry "CAN"]

1. e4 c5 2. Nf3 Nc6 3. Bb5 g6 4. O-O Bg7 5. c3 d5 6. Qa4 dxe4 7. Bxc6+ bxc6 8.
Qxc6+ Bd7 9. Qxe4 Nf6 10. Qe2 O-O 11. d4 cxd4 12. Nxd4 Re8 13. Na3 e5 14. Nb3
Qc7 15. Qc4 Rac8 16. Qxc7 Rxc7 17. Be3 Bf8 18. Nc2 Bf5 19. Rac1 Nd5 20. Ne1
Rec8 21. Nf3 f6 22. Rfd1 Be6 23. Rd2 Rb8 24. Rcd1 Nxe3 25. fxe3 Bxb3 26. axb3
Rxb3 27. Rd7 Rxd7 28. Rxd7 Bc5 29. Rd8+ Kg7 30. Rd7+ Kh6 31. Kf2 Rxb2+ 32. Rd2
Rb3 33. Rc2 g5 34. Nd2 Rb7 35. Ne4 Be7 36. c4 f5 37. Nc3 Kg6 38. h3 h5 39. Ke2
g4 40. Nd1 Rc7 41. Nb2 e4 42. Nd1 Kg5 43. Nf2 a5 44. hxg4 hxg4 45. Nd1 a4 46.
g3 a3 47. Kd2 Bb4+ 48. Ke2 Ra7 49. Ra2 Kf6 50. Nf2 Ke5 51. Kd1 Bc5 52. Kd2 Ra4
53. Nd1 Rxc4 54. Rc2 Bb4+ 55. Kc1 a2 0-1

[Event "Quebec-ch (ville/city) qual. 2"]
[Site "Quebec CAN"]
[Date "1996.10.16"]
[Round "2"]
[White "Beaudoin, Stephane"]
[Black "Saint Amand, Paul"]
[Result "1-0"]
[WhiteElo "1845"]
[BlackElo "2090"]
[PlyCount "65"]
[EventDate "1996.10.16"]
[EventType "swiss"]
[EventRounds "4"]
[EventCountry "CAN"]

1. e4 c5 2. Nf3 Nf6 3. e5 Nd5 4. d4 cxd4 5. Nxd4 e6 6. Be2 Nc6 7. Nxc6 dxc6 8.
O-O Qc7 9. c4 Nb6 10. f4 Be7 11. Nc3 O-O 12. Qc2 Nd7 13. Bd3 g6 14. Rf3 Nc5 15.
Be2 a5 16. Be3 Rd8 17. Raf1 b6 18. Rh3 Bb7 19. Kh1 Rd7 20. Bxc5 Bxc5 21. Ne4
Be7 22. c5 bxc5 23. Qc1 Rd4 24. Nf6+ Bxf6 25. exf6 Rad8 26. f5 Rd2 27. fxe6 Qe5
28. exf7+ Kf8 29. Bc4 h5 30. Rhf3 Qg5 31. Rg3 Qe5 32. Rxg6 R8d5 33. Qxd2 1-0

[Event "Quebec-ch (ville/city) qual. 2"]
[Site "Quebec CAN"]
[Date "1996.11.16"]
[Round "2"]
[White "Tremblay, Sylvain"]
[Black "L'Heureux, Clement"]
[Result "1-0"]
[WhiteElo "2125"]
[BlackElo "1866"]
[PlyCount "181"]
[EventDate "1996.10.16"]
[EventType "swiss"]
[EventRounds "4"]
[EventCountry "CAN"]

1. e4 e5 2. Nf3 Nc6 3. Bb5 a6 4. Ba4 Nf6 5. O-O Be7 6. Re1 b5 7. Bb3 d6 8. c3
O-O 9. h3 Na5 10. Bc2 c5 11. d4 Qc7 12. Nbd2 Bb7 13. d5 Nd7 14. Nf1 Bc8 15. Ng3
g6 16. Nh2 Nf6 17. f4 exf4 18. Bxf4 Nc4 19. b3 Ne5 20. Nf3 Nxf3+ 21. Qxf3 Nd7
22. Rad1 f6 23. Bh6 Ne5 24. Qf2 Rf7 25. Be3 Bd7 26. Rf1 Bf8 27. Qe2 Bg7 28. Rf2
a5 29. Rdf1 Kh8 30. Qd2 b4 31. c4 Qd8 32. Ne2 Qe7 33. Nf4 Rff8 34. g4 Nf7 35.
Ne2 Ng5 36. Bxg5 fxg5 37. Rxf8+ Rxf8 38. Rxf8+ Bxf8 39. Kg2 Bg7 40. Ng1 Bc3 41.
Qc1 Qf6 42. Nf3 h6 43. Qe3 Be5 44. Bd1 Kg7 45. Qd2 Bf4 46. Qc2 h5 47. Ne1 Be5
48. Nd3 h4 49. Qc1 Bf4 50. Qb2 Be5 51. Qc1 Bd4 52. a3 Qe7 53. Bf3 Kh6 54. axb4
axb4 55. Qc2 Qf6 56. Qe2 Be5 57. Qa2 Bc3 58. Qf2 Qh8 59. Bd1 Qe8 60. Qf3 Bd4
61. Bc2 Qe7 62. Bb1 Be8 63. Qe2 Bf7 64. Qf3 Bg8 65. Ne1 Qa7 66. Qd3 Bf7 67. Nf3
Qa1 68. Nxd4 cxd4 69. Qc2 Qa7 70. Qa2 Qe7 71. Qf2 Qe5 72. Qxf7 Qg3+ 73. Kf1
Qxh3+ 74. Ke1 Qe3+ 75. Kd1 Qg1+ 76. Kc2 Qg2+ 77. Kc1 Qg1+ 78. Kb2 Qh2+ 79. Ka1
Qf4 80. Qe6 Qe5 81. Qxe5 dxe5 82. Bd3 h3 83. Bf1 h2 84. Bg2 Kg7 85. Kb2 Kf7 86.
c5 Ke7 87. Kc2 Kd7 88. Kd3 Kc7 89. Kc4 Kb7 90. Kxb4 Kc7 91. Kc4 1-0